000 00457nam a2200205Ia 4500
005 20240823044612.0
008 240823s9999||||xx |||||||||||||| ||und||
020 _a81-203-2782-9
041 _aENGLISH
082 _A530.13 P6
100 _aSrivastava R K
245 0 _aStatistical Mechanics
250 _a1st
260 _c2006
_b#VALUE!
500 _aYES
650 _aMATHS
_bMathematics
700 _a Ashok J
942 _cBK
999 _c212982
_d212982